000 01192nam a22003735a 4500
999 _c16685
_d16685
001 62481
005 20161116114420.0
008 940602s1994 moua b 001 0 eng d
010 _a 94166272
020 _a0397572445
035 _a(OCoLC)29464098
040 _aDLC
_cDLC
042 _alccopycat
050 0 0 _aRF51
_b.O86 1994
100 _a Edited by English,Gerald M.
245 0 0 _aOtolaryngology:
_cGerald M.English
_boncology of the head and neck/
250 _a5th ed.
260 _aPhiladelphia :
_bJ.B.Lippincott Company,
_cc1994.
300 _aix, 510 p. :
_bill. ;
_c29 cm.
504 _aIncludes bibliographical references .
650 0 _aOtolaryngology, Operative.
650 0 _aHead
_xSurgery.
650 0 _aNeck
_xSurgery.
653 0 _aHumans
_ahead
_asurgery
653 0 _aHumans
_aneck
_asurgery
942 _2lcc
_cBOOKS
_hRF51 .O86 1994